00315nam a2200121Ia 4500008004100000041000800041082001500049100001500064245004500079260004100124300001900165365000900184240624s9999 xx 000 0 und d aeng a306.4 ROS  aROSE FRANK aART OF IMMERSION HOW THE DIGITAL GENERAT c2011aNew YorkbW W Norton & Company a354 p.; 23 cm. cb38